LEADER 00435nab a2200145 i 4500 001 000000312284 003 CaOOAMICUS 005 20180831173049.0 008 180831n xx uu u0 0und r 013 $a21376 040 $aSeMil$bita 100 1 $aGalli, Emilio.$0(OLS)http://semarc/name/5879 245 12$aL?Arco di Costantino. 773 0 $t[Maggio-Agosto].$g268-274$w()274204 996 $6245$aL?Arco di Costantino$9(OLS)http://semarc/title/386735 LEADER 00925nam a2200241 4500 001 000000349950 003 CaOOAMICUS 005 20220411120308.0 008 220411s2012 it 000 u ita r 020 $a978-88-04-61466-1 040 $aSeMil$bita 100 1 $aColombo, Maria Paola,$d<1979- >.$0(OLS)http://semarc/name/115748 245 13$aIl negativo dell'amore :$bromanzo /$cMaria Paola Colombo. 264 1$aMilano :$bMondadori,$c2012. 300 $a329 p. ;$c24 cm 850 $aSeMil 852 $aSeMil$W1$xVenegono$y1$m1A IV 170$j232811$B240984$CSeMilBibl$Z2$F240984 $81 961 $aPerego don Stefano - Omaggio 961 $aEx libris don Stefano Perego 996 $6020$a978-88-04-61466-1$9(OLS)http://semarc/number/295668 996 $6245$aIl negativo dell'amore :$bromanzo$9(OLS)http://semarc/title/439623 996 $6264$aMilano :$bMondadori$9(OLS)http://semarc/publisher/30335